HENRI SCEPI, Les Complaintes de Jules Laforgue. Gallimard, coll. « foliothèque », n° 92,2000. Un vol. 10,7 × 17,7 de 243 p. HENRI SCEPI, JEAN-PHILIPPE SAINT-GÉRAND, Les Complaintes de Jules Laforgue. Neuilly, Atlande, coll. « Clef concours - Lettres XIXe siècle », 2000. Un vol. 12,4 × 17,7 de 189 p. DANIEL GROJNOWSKI, Jules Laforgue. Les voix de la complainte. La Rochelle, Rumeur des Âges, 2000. Un vol. 16,6 × 23 de 98 p. (notice n° 1653975)
[ vue normale ]
| 000 -LEADER | |
|---|---|
| fixed length control field | 00914cam a2200145 4500500 |
| 005 - DATE AND TIME OF LATEST TRANSACTION | |
| control field | 20260208005827.0 |
| 041 ## - LANGUAGE CODE | |
| Language code of text/sound track or separate title | fre |
| 042 ## - AUTHENTICATION CODE | |
| Authentication code | dc |
| 100 10 - MAIN ENTRY--PERSONAL NAME | |
| Personal name | Goto, Kanako |
| Relator term | author |
| 245 00 - TITLE STATEMENT | |
| Title | HENRI SCEPI, Les Complaintes de Jules Laforgue. Gallimard, coll. « foliothèque », n° 92,2000. Un vol. 10,7 × 17,7 de 243 p. HENRI SCEPI, JEAN-PHILIPPE SAINT-GÉRAND, Les Complaintes de Jules Laforgue. Neuilly, Atlande, coll. « Clef concours - Lettres XIXe siècle », 2000. Un vol. 12,4 × 17,7 de 189 p. DANIEL GROJNOWSKI, Jules Laforgue. Les voix de la complainte. La Rochelle, Rumeur des Âges, 2000. Un vol. 16,6 × 23 de 98 p. |
| 260 ## - PUBLICATION, DISTRIBUTION, ETC. | |
| Date of publication, distribution, etc. | 2005.<br/> |
| 500 ## - GENERAL NOTE | |
| General note | 17 |
| 786 0# - DATA SOURCE ENTRY | |
| Note | Revue d'histoire littéraire de la France | 105 | 3 | 2005-06-01 | p. 655zp-764zp | 0035-2411 |
| 856 41 - ELECTRONIC LOCATION AND ACCESS | |
| Uniform Resource Identifier | <a href="https://shs.cairn.info/revue-d-histoire-litteraire-de-la-france-2005-3-page-655zp?lang=fr&redirect-ssocas=7080">https://shs.cairn.info/revue-d-histoire-litteraire-de-la-france-2005-3-page-655zp?lang=fr&redirect-ssocas=7080</a> |
Pas d'exemplaire disponible.




Réseaux sociaux